Algoritmos Computacionales, Introducción al análisis y diseño
| Main Authors: | , |
|---|---|
| Format: | Section = Libro |
| Language: | Undetermined Spanish |
| Published: |
México
Addison/Wesley
2002
|
| Edition: | 3a.ed |
| Subjects: |
| LEADER | 00606nam a2200217Ia 4500 | ||
|---|---|---|---|
| 008 | 240830s9999 xx 000 0 und d | ||
| 020 | |a 970-26-0142-8 | ||
| 040 | |a B-ESTELÍ- RUACS / 005 B111 | ||
| 041 | |a spa | ||
| 082 | |a 005 B111 | ||
| 100 | 1 | |a Baase, Sara | |
| 100 | 1 | |b Van Gelder, Allen | |
| 245 | 1 | 0 | |a Algoritmos Computacionales, Introducción al análisis y diseño |
| 250 | |a 3a.ed | ||
| 260 | |a México |b Addison/Wesley |c 2002 | ||
| 300 | |a 704 p:il | ||
| 650 | 7 | |a ALGORITMOS COMPUTACIONALES | |
| 650 | 7 | |b INTRODUCCION AL ANÁLISIS Y DISEÑO | |
| 942 | |c BK |2 ddc | ||
| 991 | |a TEXTO | ||
| 999 | |c 10543 | ||